[Event "Regionalliga Mittelrhein 1011"]
[Site "Germany"]
[Date "2011.01.16"]
[Round "4.6"]
[White "Dzierzenga, Stefan"]
[Black "Scholten, Berthold"]
[Result "1/2-1/2"]
[WhiteElo "2030"]
[BlackElo "1975"]
[PlyCount "23"]
[EventDate "2010.10.24"]
[EventType "team"]
[EventRounds "9"]
[EventCountry "GER"]
[SourceTitle "EXT 2015"]
[Source "ChessBase"]
[SourceDate "2014.11.20"]
[SourceVersion "1"]
[SourceVersionDate "2014.11.20"]
[SourceQuality "1"]
[WhiteTeam "Bonn Beuel"]
[BlackTeam "Aachen PTSV"]
[WhiteTeamCountry "GER"]
[BlackTeamCountry "GER"]

1. e4 c5 2. Nf3 Nc6 3. d4 cxd4 4. Nxd4 g6 5. Nc3 Bg7 6. Be3 Nf6 7. Be2 0-0 8. 0-0 d5 9. exd5 Nb4 10. Bf3 Nfxd5 11. Nxd5 Nxd5 12. Bg5 1/2-1/2